000 00823nam a2200217Ia 4500
003 GCL
008 140319s9999 xx 000 0 ara d
020 _a2222601977
040 _aGCL /
_cGCL
082 0 4 _aق
_b327.620624
_bي س
100 1 _aيواقيم رزق مرقص
245 1 0 _aالسودان فى البرلمان المصرى 1924 - 1936 /
_cيواقيم رزق مرقص
260 _aالقاهرة :
_bالهيئة المصرية العامة للكتاب ،
_c1989
300 _a178 ص ؛
_c22 سم
490 _aمصر النهضة
_v0
650 0 4 _aالسودان - العلاقات الخارجية
650 0 4 _aالسودان - تاريخ
650 0 4 _aالسودان - الاحوال السياسية
650 0 4 _aمصر - العلاقات الخارجية - السودان
942 _2ddc
_cBK
999 _c58128
_d58128